Trouvez l'acteur ou l'actrice...12 - Statistiques

Statistiques générales
  • Ce quiz a été pris 101 fois
  • Le résultat moyen est 5 sur 15
Statistiques - réponses
Films / Séries Acteurs / Actrices % Correct
Le retour du grand blond - Les compères - La chèvre Pierre Richard
73%
Apocalypse now - Le parrain - Dernier tango à Paris Marlon Brando
69%
The mask - Mary à tout prix - The holiday Cameron Diaz
67%
Shining - Mars Attacks! - Vol au-dessus d'un nid de coucou Jack Nicholson
66%
La soupe aux choux - L'été en pente douce - Le dîner de cons Jacques Villeret
66%
Mystic river - Dans la peau de John Malkovich - Harvey Milk Sean Penn
43%
Le faucon maltais - Casablanca - Le grand sommeil Humphrey Bogart
29%
Roswell - 27 robes - Grey's anatomy Katherine Heigl
21%
New girl - 40 ans: mode d'emploi - Transformers Megan Fox
19%
Les barbouzes - Le grand blond avec une chaussure noire - Mort d'un pourri Mireille Darc
18%
Papy fait de la résistance - Les Bronzés font du ski - Les vacances du petit Nicolas Dominique Lavanant
16%
La dolce vita - Divorce à l'italienne - Ca n'arrive qu'aux autres Marcello Mastroianni
13%
Angélique et le sultan - Liberté, égalité, choucroute - Madame Sans-gêne Robert Hossein
12%
Gossip girl - Le grand Meaulnes - Harry Potter et la coupe de feu Clémence Poésy
11%
Le rouge et le noir - Les demoiselles de Rochefort - Pot-Bouille Danielle Darrieux
9%
Aucun quiz correspondant
Distribution des résultats
% des personnes avec chaque résultat
Percentile par nombre de réponses
Votre historique - résultats
Vous n’avez pas pris ce quiz